| 000 | 00427pab a2200157 454500 | ||
|---|---|---|---|
| 008 | 180718b2005 xxu||||| |||| 00| 0 eng d | ||
| 100 | _aAdams, Scott | ||
| 245 | _aThe effects of living wage laws: evidence from failed and derailed living wage campaigns | ||
| 260 | _c2005 | ||
| 300 | _ap.177-202. | ||
| 362 | _aSep | ||
| 650 | _aWages | ||
| 700 | _aNeumark, David | ||
| 773 | _aJournal of Urban Economics | ||
| 909 | _a67544 | ||
| 999 |
_c67544 _d67544 |
||